Name the footballer s country #2 - Statistics

General Stats
  • This quiz has been taken 13 times
  • The average score is 12 of 13
Answer Stats
Footballer Answer % Correct
Hazard Belgium
100%
Chadli Belgium
100%
Couthino Brazil
100%
Falcao Colombia
100%
Modric Croatia
100%
Alli England
100%
Martial France
100%
Lloris France
100%
Robbie keane Ireland
100%
Dybala Argentina
92%
Clissen Netherlands
92%
Dzemali Switzerland
62%
Priskin Hungary
38%
No matching quizzes found
Score Distribution
Percent of People with Each Score
Percentile by Number Answered
Your Score History
You have not taken this quiz